|
|
|
|
| LEADER |
01695cam a2200337 i 4500 |
| 001 |
40958 |
| 003 |
BD-DhAAL |
| 008 |
230222t2021 cau 001 0 eng d |
| 010 |
|
|
|a 2021011082
|
| 020 |
|
|
|a 9781718501324
|
| 020 |
|
|
|z 9781718501331
|
| 040 |
|
|
|a DLC
|b eng
|c DLC
|e rda
|d DLC
|d BD-DhAAL
|
| 042 |
|
|
|a pcc
|
| 050 |
0 |
0 |
|a QA76.73.P98
|b Z55 2021
|
| 082 |
0 |
0 |
|a 005.133
|2 23
|
| 100 |
1 |
|
|a Zingaro, Daniel,
|e author.
|9 53688
|
| 245 |
1 |
0 |
|a Learn to code by solving problems :
|b a Python programming primer /
|c Daniel Zingaro.
|
| 264 |
|
1 |
|a San Francisco, CA :
|b No Starch Press,
|c 2021.
|
| 300 |
|
|
|a xxviii, 307 pages ;
|c 24 cm.
|
| 500 |
|
|
|a Includes index.
|
| 520 |
|
|
|a "Teaches readers how to use Python to solve short, situational competitive programming problems. Each chapter requires the reader to learn a new feature or function of Python in order to solve a problem, while emphasizing basic programming concepts, problem-solving strategies, and critical thinking skills"--
|
| 526 |
|
|
|a CSE
|
| 541 |
|
|
|a Book Finder International
|e 40958, 40959
|
| 650 |
|
0 |
|a Python (Computer program language).
|
| 650 |
|
0 |
|a Computer programming.
|
| 650 |
|
0 |
|a Computer science.
|
| 852 |
|
|
|a Ayesha Abed Library
|c General Stacks
|
| 942 |
|
|
|2 ddc
|c BK
|
| 999 |
|
|
|c 44907
|d 44907
|
| 952 |
|
|
|0 0
|1 0
|2 ddc
|4 0
|6 005_133000000000000_ZIN
|7 0
|9 73157
|a BRACUL
|b BRACUL
|c GEN
|d 2023-02-07
|e Book Finder International
|g 3163.56
|l 14
|m 63
|o 005.133 ZIN
|p 3010040958
|r 2026-04-04
|s 2026-03-31
|t 1
|v 3163.56
|w 2023-02-07
|y BK
|
| 952 |
|
|
|0 0
|1 0
|2 ddc
|4 0
|6 005_133000000000000_ZIN
|7 0
|9 73158
|a BRACUL
|b BRACUL
|c GEN
|d 2023-02-07
|e Book Finder International
|g 3163.56
|l 9
|m 73
|o 005.133 ZIN
|p 3010040959
|r 2025-08-04
|s 2025-07-17
|t 2
|v 3163.56
|w 2023-02-07
|y BK
|